Music Quiz

Random Music or Lyrics Quiz

Slightly Useless Song Trivia II Quiz Stats

Quiz Updated Apr 18, 2016

Challenge
Share
Tweet
Embed
Score 0/30 Timer 07:00
4 Plays Today
% Correct
Crimson and Clover
90.7%
Iron Man
88%
Candle in the Wind
87.2%
Love Shack
75.2%
Nights in White Satin
75.2%
White Rabbit
70.8%
Wake Me Up When September Ends
65.9%
Cat Scratch Fever
62.9%
Bad Moon Rising
62.4%
Money for Nothing
62%
Johnny B. Goode
61.9%
Mustang Sally
61.2%
School's Out
59.3%
Roxanne
53.9%
Where the Streets Have No Name
52.7%
% Correct
Rock the Casbah
51.8%
Jeremy
50.9%
Strawberry Fields Forever
50.7%
Another One Bites the Dust
48.9%
Paranoid Android
42.1%
Turn! Turn! Turn!
40.2%
Life During Wartime
16.5%
Substitute
16.5%
Suffragette City
15.5%
La Grange
15.1%
I Put a Spell on You
14.6%
The Message
14.4%
Blowin' in the Wind
13.9%
96 Tears
11.8%
Bang a Gong (Get It On)
9.9%

You're not logged in!

Compare scores with friends on all Sporcle quizzes.
Sign Up with Email
OR
Log In

You Might Also Like...

Show Comments

Extras

Top Quizzes Today


Score Distribution

Your Account Isn't Verified!

In order to create a playlist on Sporcle, you need to verify the email address you used during registration. Go to your Sporcle Settings to finish the process.